| 000 | 00662nam a2200217Ii 4500 | ||
|---|---|---|---|
| 003 | JO-AjNU | ||
| 008 | 230605s9999||||xx |||||||||||||| ||und|| | ||
| 017 | _a2001/3/605 | ||
| 040 |
_aJO-AjNU _bara _erda _cJO-AjNU |
||
| 041 | _aara | ||
| 050 | 1 | 4 | _aBP131.5.H3574 2001 |
| 100 | 3 |
_aالحمد، غانم قدوري, _eauthor _913542 |
|
| 245 | 0 | 0 | _aأبحاث في علم التجويد |
| 250 | _aط1 | ||
| 264 | 3 | 1 | _aعمان: دار عمار للنشر والتوزيع، 2001 |
| 300 | _a206ص | ||
| 336 |
_atext _btxt _2rdacontent |
||
| 337 |
_aunmediated _bn _2rdamedia |
||
| 338 |
_avolume _bnc _2rdacarrier |
||
| 650 | 4 |
_aالقران - تجويد _913543 |
|
| 999 |
_aA3399 _c6967 _d6967 |
||